000
00311nam a22001217a 4500
008
230621b xxu||||| |||| 00| 0 eng d
082
_a
328.3
_b
IPU 2009
245
_a
Chronicle of Parliamentary Elections
260
_a
Geneva
_b
Inter-Parliamentary Union
_c
2009
300
_a
269p
440
_v
42
942
_2
ddc
_c
BK
999
_c
2141
_d
2141